Laws of Manu (Record no. 16103)

MARC details
000 -LEADER
fixed length control field 00561nam a2200241 a 4500
020 ## - INTERNATIONAL STANDARD BOOK NUMBER
ISBN 8177555
082 00 - DEWEY DECIMAL CLASSIFICATION NUMBER
Classification number 320.58
Author Cutter BUH
100 ## - MAIN ENTRY--AUTHOR NAME
Author name Buhler, G
245 ## - TITLE STATEMENT
Title Laws of Manu
260 ## - PUBLICATION, DISTRIBUTION, ETC. (IMPRINT)
Place of publication New Delhi
Name of publisher Cosmo Publications
Year of publication 2004
300 ## - PHYSICAL DESCRIPTION
Number of Pages 339p
500 ## - GENERAL NOTE
General note includes index and biblioraphy
505 2# - FORMATTED CONTENTS NOTE
Formatted contents note Index
650 ## - SUBJECT ADDED ENTRY--TOPICAL TERM
Topical Term Manu-Laws
942 ## - ADDED ENTRY ELEMENTS (KOHA)
Koha item type Books
700 1# -
-- Buhler, G
Holdings
Collection code Home library Current library Date acquired Cost, normal purchase price Full call number Accession Number Koha item type
  Henry Martyn Institute Library Henry Martyn Institute Library 04/05/2007 595.00 320.58 BUH 020881 Books
                   Copyright © 2026 | Henry Martyn Institute | Hyderabad | TS-500052 | INDIA | Implemented by hmi.edu.in
Hit-Count:

Powered by Koha